Dietary Tips For The Elderly (Record no. 155705)

MARC details
000 -LEADER
fixed length control field 00360nam a2200133Ia 4500
008 - FIXED-LENGTH DATA ELEMENTS--GENERAL INFORMATION
fixed length control field 230411s9999 xx 000 0 und d
041 ## - LANGUAGE CODE
Language code of text/sound track or separate title eng
082 ## - DEWEY DECIMAL CLASSIFICATION NUMBER
Classification number N/613.2/PAS/B05182
100 ## - MAIN ENTRY--PERSONAL NAME
Personal name Pasricha Swaran
245 ## - TITLE STATEMENT
Title Dietary Tips For The Elderly
260 ## - PUBLICATION, DISTRIBUTION, ETC. (IMPRINT)
Name of publisher, distributor, etc. National Institute Of Nutrition
Place of publication, distribution, etc. Hyderabad
Date of publication, distribution, etc. 1992
300 ## - PHYSICAL DESCRIPTION
Extent 30p
Holdings
Withdrawn status Lost status Damaged status Not for loan Collection code Home library Current library Date acquired Vendor Cost, normal purchase price Bill number Total Checkouts Full call number Barcode Date last seen Cost, replacement price Bill Date Koha item type Original Barcode
          Smt. Bakul Tambat Institute of Nursing Education Smt. Bakul Tambat Institute of Nursing Education 02/12/2008 ICMR 10.00 5158   N 613.2 PAS B05182 BTIN-BK-5182 11/04/2023 9.00 30/08/2001 Books B05182